000 00467nam a2200181Ia 4500
005 20250508162232.0
008 008 250505s9999 xx 000 0 hin d
037 _aTextual
040 _aFEDL
_beng
_cFEDL
041 _ahin
_2eng
084 _aFH, MIS
_qFEDL
100 _aMishra Raj Krishana
_9772621
245 0 _aDarualshafa
260 _aDelhi, India
_bShabdakar
_c1981
300 _a424p
942 _cTEXL
_hFH, MIS
999 _c1375282
_d1375282